00608nam a2200157 a 450000100100000000500170001000800410002702000150006804000250008324500680010826000760017630000210025271000540027395201060032799900170043300003310420200930070030.0110817s20uu sp 000 spa d a8460572196 aDO-SdBNPbspacBNPHU00aPor la escuela pública :bhomenaje a Mariano Pérez Galán. aMadrid, España :bFundación Educativa y Asistencial cives,c[200?]. a353 p. ;c25 cm.2 aFundación Educativa y Asistencial cives,958775 0010507-18MOaGRbGRcOId2011-08-17iLF1l0o p33104-10r2020-06-25w2020-06-25y1ZNo se presta c32595d32595